OECD Economic Surveys: New Zealand 2017 June 2017
Salvato in:
| Natura: | Libro |
|---|---|
| Lingua: | inglese |
| Pubblicazione: |
Paris
OECD
2017
|
| Serie: | OECD Economic Surveys
|
| Soggetti: | |
| Tags: |
Nessun Tag, puoi essere il primo ad aggiungerne!!
|
MARC
| LEADER | 00000nam a2200000 4500 | ||
|---|---|---|---|
| 001 | 0241439 | ||
| 005 | 20240314123304.4 | ||
| 020 | |a 978-92-64-27711-3 | ||
| 022 | |a 1995-3100 | ||
| 041 | 0 | |a eng | |
| 044 | |a FR | ||
| 245 | 1 | 0 | |a OECD Economic Surveys: New Zealand 2017 |b June 2017 |
| 264 | 1 | |a Paris |b OECD |c 2017 | |
| 300 | |a 172 s. | ||
| 490 | 1 | |a OECD Economic Surveys | |
| 830 | 0 | |a OECD Economic Surveys | |
| 610 | 2 | 0 | |a situácia hospodárska |
| 610 | 2 | 0 | |a stabilita finančná |
| 610 | 2 | 0 | |a politika fiškálna |
| 610 | 2 | 0 | |a starnutie populácie |
| 610 | 2 | 0 | |a produktivita |
| 610 | 2 | 0 | |a trh práce |
| 610 | 2 | 0 | |a zmeny technologické |
| 610 | 2 | 0 | |a sily pracovné |
| 610 | 2 | 0 | |a zručnosti |
| 610 | 2 | 0 | |a investície |
| 610 | 2 | 0 | |a inovácia |
| 610 | 2 | 0 | |a porovnanie štatistické medzinárodné |
| 610 | 2 | 0 | |a Nový Zéland |